Seminaris de difusió d'idees empresarials : idees per crear la teva pròpia empresa : seminari de turisme i medi ambient idees per crear la teva pròpia empresa :
Descripción Física:
42 p. : il. ; 30 cm
MARC
| LEADER | 00000nam a2200000Ia 4500 | ||
|---|---|---|---|
| 001 | 21059 | ||
| 008 | 160829s9999 xx 000 0 cat d | ||
| 080 | |a FU-26-6 | ||
| 245 | |a Seminaris de difusió d'idees empresarials : |b idees per crear la teva pròpia empresa : |b seminari de turisme i medi ambient | ||
| 260 | |a Barcelona : |b Diputació de Barcelona. Servei de Promoció Econòmica, [2006] | ||
| 300 | |a 42 p. : |b il. ; |c 30 cm | ||
| 650 | 0 | |a Turisme |9 49444 | |
| 650 | 0 | |a Medi ambient |9 26046 | |
| 650 | 0 | |a Empreses |x Creació |9 32813 | |
| 710 | |a Barcelona (Catalunya : Província). |b Servei de Promoció Econòmica |9 53915 | ||
| 901 | |a Arxiu | ||
| 942 | |n 1 | ||
| 952 | |0 0 |1 0 |4 0 |6 FU266 |7 1 |9 53136 |a Arxiu |b Arxiu |d 2016-12-01 |l 0 |o FU-26-6 |p 21059 |r 2016-12-01 00:00:00 |w 2016-12-01 |y ARXIU | ||
| 999 | |c 56985 |d 56985 | ||